00459nam a2200193 a 4500001001300000003000900013005001700022008004100039020001000080082001300090100001500103245001500118260003100133300000900164500003500173505002800208650001400236700001500250nice12345678IN_TiNIC20260116011359.0050524s1926 laha grs 000 0 49g  ac10000a229bWHI aWhite, H U aApocrypha. aLahorebMasihi Pressc1926 a113p aincludes index and biblioraphy2 aHand Written Manuscript aApocrypha1 aWhite, H U